000 00488nam a2200145Ia 4500
008 150610s9999 xx 000 0 und d
020 _a9780060764982
050 _aCT1828
_b.M34A3 2004
100 _aMa, Yan, 1987-
245 4 _aThe diary of Ma Yan:
_bthe struggles and hopes of a Chinese schoolgirl /
_cMa Yan.
260 _aNew York : 
_bHarper Collins,
_c2004.
300 _a166pages ;
_c19 cm.
520 _aJuvenile literature.
650 _aGirls-China-Diaries
_xJuvenile literature.
999 _c287825
_d287825